Search the Library Catalogue
| 000 -LEADER | |
|---|---|
| fixed length control field | 01010nam a2200181 a 4500 |
| 008 - FIXED-LENGTH DATA ELEMENTS--GENERAL INFORMATION | |
| fixed length control field | 260204s2026##################000#0#eng## |
| 020 ## - INTERNATIONAL STANDARD BOOK NUMBER | |
| ISBN | 9780521456661 |
| Paper back/Hardbound | pbk |
| 041 ## - LANGUAGE CODE | |
| Language code of text/sound track or separate title | eng |
| 082 04 - DEWEY DECIMAL CLASSIFICATION NUMBER | |
| Classification number | 306.0941 |
| Item number | GOO |
| 100 ## - MAIN ENTRY--AUTHOR NAME | |
| Personal name | Goody , Jack |
| 245 10 - TITLE STATEMENT | |
| Title | The Expansive Moment: The Rise of Social Anthropology in Britain and Africa 1918-1970 |
| Statement of responsibility, etc | /Jack Goody |
| 260 ## - PUBLICATION, DISTRIBUTION, ETC. (IMPRINT) | |
| Name of publisher | Cambridge Univ Pr |
| Year of publication | 1995 |
| 300 ## - PHYSICAL DESCRIPTION | |
| Number of Pages | 244p,; |
| Dimensions | 20 cm. |
| 504 ## - BIBLIOGRAPHY, ETC. NOTE | |
| Bibliography, etc | Includes index |
| 520 ## - SUMMARY, ETC. | |
| Summary, etc | Jack Goody's new book explores the history of social anthropology as an emergent discipline in the interwar years. It focuses on key practitioners, such as Malinowski and Fortes, and explores how far ideological approaches adopted by social anthropologists were defined by the institutions in which they developed, particularly in response to key issues of the time: colonialism, anti-Semitism and communism. Goody focuses on Britain and Africa, and draws on his own wide-ranging personal fieldwork experience. |
| 942 ## - ADDED ENTRY ELEMENTS (KOHA) | |
| Koha item type | Reference |
| Withdrawn status | Lost status | Damaged status | Not for loan | Home library | Current library | Shelving location | Date acquired | Full call number | Accession Number | Price effective from | Koha item type |
|---|---|---|---|---|---|---|---|---|---|---|---|
| Anna Centenary Library | Anna Centenary Library | 3RD FLOOR, B WING | 04.02.2026 | 306.0941 GOO | 240064 | 04.02.2026 | English Books |